Standard system of measuring builders` work in South Africa. (Record no. 95116)

MARC details
000 -LEADER
fixed length control field 00700cam a2200229 4500
001 - CONTROL NUMBER
control field D2303
008 - FIXED-LENGTH DATA ELEMENTS--GENERAL INFORMATION
fixed length control field 090401t1966 xxu||||| |||| 00| 0 eng d
035 ## - SYSTEM CONTROL NUMBER
System control number (Sirsi) u68521
041 ## - LANGUAGE CODE
Language code of text/sound track or separate title eng
050 ## - LIBRARY OF CONGRESS CALL NUMBER
Classification number 692.30968
110 ## - MAIN ENTRY--CORPORATE NAME
Corporate name or jurisdiction name as entry element The Chapter of South African Quantity Surveyors
9 (RLIN) 2111
245 ## - TITLE STATEMENT
Title Standard system of measuring builders` work in South Africa.
260 ## - PUBLICATION, DISTRIBUTION, ETC.
Place of publication, distribution, etc. Johannesburg
Name of publisher, distributor, etc. The Chapter of South African Quantity Su
Date of publication, distribution, etc. 1966
300 ## - PHYSICAL DESCRIPTION
Extent 48p. 33cm
350 ## - PRICE (NR) (BK AM CF MU VM SE) [OBSOLETE]
Price 0
520 ## - SUMMARY, ETC.
Summary, etc. Filed at SMM 1966/2BC
650 ## - SUBJECT ADDED ENTRY--TOPICAL TERM
Topical term or geographic name entry element Measurement
9 (RLIN) 6256
650 ## - SUBJECT ADDED ENTRY--TOPICAL TERM
Topical term or geographic name entry element SOUTH AFRICA
650 ## - SUBJECT ADDED ENTRY--TOPICAL TERM
Topical term or geographic name entry element BUILT ENVIRONMENT-QUANTITY SURVEYING-STANDARD METHOD OF MEASURMENT
942 ## - ADDED ENTRY ELEMENTS (KOHA)
Suppress in OPAC 0
948 ## - LOCAL PROCESSING INFORMATION (OCLC); SERIES PART DESIGNATOR (RLIN)
c (OCLC) 04/03/1997
Holdings
Withdrawn status Lost status Source of classification or shelving scheme Damaged status Not for loan Home library Current library Shelving location Date acquired Total Checkouts Full call number Barcode Date last seen Copy number Price effective from Koha item type
    Other/Generic Classification Scheme     London London Gallery 09/01/1992   SMM 1966/2 30032087 06/08/2019 1 06/08/2019 Book
    Other/Generic Classification Scheme     London London Gallery 09/01/1992   SMM 1966/2 30032091 06/08/2019 2 06/08/2019 Book
    Other/Generic Classification Scheme     London London Gallery 09/01/1992   SMM 1966/2 30032095 06/08/2019 3 06/08/2019 Book